000 00805nam a22002057a 4500
003 JO-AjAnu
005 20241019123825.0
008 241019b jo ||||| |||| 00| 0 ara d
020 _a3-280-76-9957-978
040 _cJO-AjAnu
041 _hARA
100 _aآل وادي، علي شناوة
_eمؤلف
_966342
245 _aالنقد الفني : دراسة في المفاهيم والتطبيقات
_c / علي شناوة آل وادي ؛ سامر قحطان سلمان
260 _aعمان :
_bدار الرضوان للنشر والتوزيع،
_c2014
300 _a240 صفحة
500 _aيحتوي هذا الكتاب على صور
650 _vالنقد الفني-فلسفة الفن
700 _aسامر قحطان سلمان
_966343
_eمؤلف مشارك
942 _2lcc
_cBK
_n0
999 _c33775
_d33775